000 00678naa a2200217 4500
001 142518
003 ES-MaBCM
005 20241016183526.0
008 061205s2005 esp|r0p 0 ||spa d
021 _axx
035 _a(OCoLC)1365162668
040 _cES-MaBCM
100 1 _aSaiz Díaz, Carlos
_977564
245 1 3 _aEl delito de defraudación tributaria
_b: delimitación del elemento subjetivo del tipo
_cCarlos Saiz Díaz
520 3 _aContiene bibliografía
650 7 _aDelito fiscal
_958257
651 2 4 _aEspaña
_9115342
655 4 _aLegislación comentada
_9115338
773 0 _aEn:
_tLa Ley
_dMadrid
_gV. 5 (2005), p. 1334-1341 (D-288)
_w104460
942 _cAREV
999 _c142518
_d142518